[Event "Monarch Assurance Isle of Man 12th"]
[Site "Port Erin IOM"]
[Date "2003.10.03"]
[Round "7.10"]
[White "Barsov, Alexei"]
[Black "Dannevig, Oystein"]
[Result "1/2-1/2"]
[WhiteElo "2526"]
[BlackElo "2331"]
[PlyCount "100"]
[EventDate "2003.09.27"]
[EventType "swiss"]
[EventRounds "9"]
[EventCountry "IOM"]
[SourceTitle "BritBase"]
[SourceDate "2008.07.14"]
[SourceVersion "1"]
[SourceVersionDate "2008.07.14"]
[SourceQuality "2"]

1. d4 Nf6 2. Nf3 c5 3. d5 e6 4. c4 d6 5. Nc3 exd5 6. cxd5 g6 7. h3 a6 8. a4 Qe7
9. Nd2 Nbd7 10. e4 Bg7 11. Be2 O-O 12. O-O Rb8 13. a5 Ne8 14. Nc4 Nc7 15. Bf4
Ne5 16. Nxe5 Bxe5 17. Bxe5 Qxe5 18. f4 Qd4+ 19. Qxd4 cxd4 20. Na4 Re8 21. Bf3
f5 22. e5 dxe5 23. fxe5 Rxe5 24. Rfe1 Re3 25. d6 Ne8 26. Rxe3 dxe3 27. Re1 Nf6
28. Nc5 Nd7 29. Rc1 Kf7 30. Kf1 Nxc5 31. Rxc5 Ke6 32. Ke2 Kxd6 33. Rd5+ Ke7 34.
Re5+ Kf8 35. Kxe3 b6 36. b4 bxa5 37. bxa5 Bd7 38. Be2 Bb5 39. Bxb5 axb5 40. Re6
Rc8 41. Rb6 Rc2 42. g4 Rc3+ 43. Kf4 Rxh3 44. gxf5 gxf5 45. a6 Ra3 46. Kxf5 Ke7
47. Ke5 Kd7 48. Kd5 Kc7 49. Rb7+ Kc8 50. Rb6 Kc7 {incorrect/illegible scores...
53 moves} 1/2-1/2

[Event "Monarch Assurance Isle of Man 12th"]
[Site "Port Erin IOM"]
[Date "2003.10.03"]
[Round "7.11"]
[White "Handke, Florian"]
[Black "Motwani, Paul"]
[Result "0-1"]
[WhiteElo "2476"]
[BlackElo "2525"]
[PlyCount "62"]
[EventDate "2003.09.27"]
[EventType "swiss"]
[EventRounds "9"]
[EventCountry "IOM"]
[SourceTitle "BritBase"]
[SourceDate "2008.07.14"]
[SourceVersion "1"]
[SourceVersionDate "2008.07.14"]
[SourceQuality "2"]

1. e4 d5 2. exd5 Qxd5 3. Nc3 Qa5 4. d4 Nf6 5. Bd2 c6 6. Bc4 Bf5 7. Qe2 e6 8. d5
cxd5 9. Nxd5 Qd8 10. Nxf6+ Qxf6 11. Nf3 Nc6 12. Bb5 Qxb2 13. O-O Bd6 14. Rfb1
Qxc2 15. Rc1 Qb2 16. Rxc6 bxc6 17. Bxc6+ Kf8 18. Re1 Rd8 19. Qe3 Qb6 20. Qc3
Bc5 21. Be3 Bxe3 22. fxe3 Rd3 23. Qc1 Ke7 24. Ne5 Rc8 25. Nxd3 Qxc6 26. Qa3+
Qd6 27. Nb4 Kf8 28. e4 Qc5+ 29. Kh1 Bxe4 30. Qa6 Rd8 31. a3 Qf2 0-1

[Event "Monarch Assurance Isle of Man 12th"]
[Site "Port Erin IOM"]
[Date "2003.10.03"]
[Round "7.12"]
[White "Grunberg, Mihai"]
[Black "Moreno Carnero, Javier"]
[Result "0-1"]
[WhiteElo "2406"]
[BlackElo "2512"]
[PlyCount "40"]
[EventDate "2003.09.27"]
[EventType "swiss"]
[EventRounds "9"]
[EventCountry "IOM"]
[SourceTitle "BritBase"]
[SourceDate "2008.07.14"]
[SourceVersion "1"]
[SourceVersionDate "2008.07.14"]
[SourceQuality "2"]

1. f4 d5 2. Nf3 Bg4 3. e3 Nd7 4. c4 c6 5. cxd5 cxd5 6. Nc3 e6 7. h3 Bxf3 8.
Qxf3 Bc5 9. d4 Bb4 10. Bd2 f5 11. g4 Ngf6 12. gxf5 exf5 13. Bd3 Ne4 14. Bxe4
dxe4 15. Qh5+ g6 16. Qe2 Qh4+ 17. Kf1 Bxc3 18. Bxc3 O-O-O 19. Ba5 Nb6 20. Bxb6
axb6 {both scoresheets illegible...69 moves} 0-1

[Event "Monarch Assurance Isle of Man 12th"]
[Site "Port Erin IOM"]
[Date "2003.10.03"]
[Round "7.13"]
[White "Wells, Peter K"]
[Black "Zatonskih, Anna"]
[Result "1/2-1/2"]
[WhiteElo "2481"]
[BlackElo "2423"]
[PlyCount "49"]
[EventDate "2003.09.27"]
[EventType "swiss"]
[EventRounds "9"]
[EventCountry "IOM"]
[SourceTitle "BritBase"]
[SourceDate "2008.07.14"]
[SourceVersion "1"]
[SourceVersionDate "2008.07.14"]
[SourceQuality "2"]

1. d4 e6 2. c4 f5 3. g3 Nf6 4. Bg2 c6 5. Qc2 d5 6. Nh3 Bd6 7. O-O O-O 8. Bf4 b6
9. Nd2 Bb7 10. Rac1 a5 11. cxd5 cxd5 12. Bxd6 Qxd6 13. Qc7 Qxc7 14. Rxc7 Rf7
15. Rfc1 Na6 16. Rxf7 Kxf7 17. Nc4 Nd7 18. Nd6+ Ke7 19. Nxb7 Rb8 20. Bf1 Rxb7
21. e4 Nc7 22. exf5 exf5 23. Nf4 Kd6 24. h4 Nf8 25. Bd3 1/2-1/2

[Event "Monarch Assurance Isle of Man 12th"]
[Site "Port Erin IOM"]
[Date "2003.10.03"]
[Round "7.14"]
[White "Kotronias, Vasilios"]
[Black "Pert, Richard"]
[Result "1/2-1/2"]
[WhiteElo "2602"]
[BlackElo "2380"]
[PlyCount "129"]
[EventDate "2003.09.27"]
[EventType "swiss"]
[EventRounds "9"]
[EventCountry "IOM"]
[SourceTitle "BritBase"]
[SourceDate "2008.07.14"]
[SourceVersion "1"]
[SourceVersionDate "2008.07.14"]
[SourceQuality "2"]

1. e4 c6 2. d4 d5 3. e5 c5 4. dxc5 Nc6 5. Bb5 e6 6. Be3 Nge7 7. c3 Bd7 8. Bxc6
Nxc6 9. f4 g5 10. fxg5 Nxe5 11. Nf3 Nxf3+ 12. Qxf3 Bg7 13. O-O O-O 14. Nd2 Bb5
15. Rfe1 e5 16. c4 e4 17. Qf5 Bc6 18. Rad1 Qc8 19. Qf2 Qe6 20. Nb3 dxc4 21. Nd4
Bxd4 22. Rxd4 Rad8 23. Red1 Rxd4 24. Rxd4 Qe7 25. Rd6 Rd8 26. Qf4 Rxd6 27. cxd6
Qe6 28. Bxa7 e3 29. Bxe3 Qd5 30. Qg4 Qxd6 31. Qxc4 Qd1+ 32. Kf2 Qb1 33. Qd4
Qc2+ 34. Bd2 Qf5+ 35. Ke3 Qe6+ 36. Kd3 Bb5+ 37. Kc2 Qc4+ 38. Qxc4 Bxc4 39. Bb4
Kg7 40. Be7 Kg6 41. g4 Be2 42. h3 Bf1 43. h4 Be2 44. h5+ Kg7 45. h6+ Kg6 46.
Kc3 Bxg4 47. Kd4 Kf5 48. Kd5 b5 49. b3 Be2 50. a4 bxa4 51. bxa4 Bf1 52. a5 Be2
53. Bf6 Bf1 54. Kd6 Be2 55. Ke7 Kg6 56. Kd8 Kf5 57. Kc7 Ke6 58. Kb6 Kd7 59. a6
Bf3 60. Bc3 Bg2 61. Bf6 Bf3 62. Kc5 Bg2 63. Kd4 Ke6 64. Bd8 Bh1 65. Ke3 1/2-1/2

[Event "Monarch Assurance Isle of Man 12th"]
[Site "Port Erin IOM"]
[Date "2003.10.03"]
[Round "7.15"]
[White "Williams, Simon K"]
[Black "Luther, Thomas"]
[Result "0-1"]
[WhiteElo "2381"]
[BlackElo "2574"]
[PlyCount "74"]
[EventDate "2003.09.27"]
[EventType "swiss"]
[EventRounds "9"]
[EventCountry "IOM"]
[SourceTitle "BritBase"]
[SourceDate "2008.07.14"]
[SourceVersion "1"]
[SourceVersionDate "2008.07.14"]
[SourceQuality "2"]

1. f4 d5 2. e3 g6 3. Nf3 Bg7 4. Be2 Nh6 5. O-O O-O 6. d3 b6 7. e4 dxe4 8. dxe4
Bb7 9. Ng5 Qxd1 10. Rxd1 Na6 11. e5 Rfd8 12. Rxd8+ Rxd8 13. Na3 Nf5 14. g4 Nd4
15. Bc4 e6 16. c3 h6 17. Nh3 Nf3+ 18. Kf2 Nd2 19. Be2 Nc5 20. Ke3 Bf8 21. b4
Nde4 22. Nb1 f5 23. gxf5 gxf5 24. Ba3 Na4 25. Bf3 b5 26. Bc1 Nb6 27. Ke2 Nxc3+
28. Nxc3 Bxf3+ 29. Kxf3 Rd3+ 30. Kg2 Rxc3 31. a3 Nd5 32. Nf2 c5 33. Kf1 c4 34.
Ke2 Rc2+ 35. Kf3 Rc3+ 36. Ke2 Rc2+ 37. Kf3 Be7 0-1

[Event "Monarch Assurance Isle of Man 12th"]
[Site "Port Erin IOM"]
[Date "2003.10.03"]
[Round "7.16"]
[White "Halkias, Stelios"]
[Black "Aagaard, Jacob"]
[Result "1/2-1/2"]
[WhiteElo "2560"]
[BlackElo "2360"]
[PlyCount "114"]
[EventDate "2003.09.27"]
[EventType "swiss"]
[EventRounds "9"]
[EventCountry "IOM"]
[SourceTitle "BritBase"]
[SourceDate "2008.07.14"]
[SourceVersion "1"]
[SourceVersionDate "2008.07.14"]
[SourceQuality "2"]

1. Nf3 d5 2. c4 c6 3. e3 Nf6 4. Nc3 g6 5. d4 Bg7 6. Bd3 O-O 7. h3 c5 8. O-O
cxd4 9. exd4 Nc6 10. a3 dxc4 11. Bxc4 Bf5 12. Re1 Rc8 13. Ba2 e6 14. Be3 h6 15.
g4 Nxg4 16. hxg4 Bxg4 17. Ne4 Rc7 18. Qe2 Rd7 19. Rad1 Nxd4 20. Bxd4 Bxd4 21.
Kg2 h5 22. Qb5 Bxf3+ 23. Kxf3 Qh4 24. Qg5 Qxg5 25. Nxg5 Rdd8 26. Ke2 Bxb2 27.
Rxd8 Rxd8 28. Rb1 Bf6 29. Ne4 Be5 30. Rxb7 Rb8 31. Rxb8+ Bxb8 32. a4 Kf8 33. a5
Ke7 34. Bc4 Bc7 35. a6 Bb6 36. f4 Bc7 37. Kf3 f5 38. Nc3 Bb6 39. Nb5 Kf6 40.
Nc3 Bd4 41. Nb5 Bb6 42. Bb3 e5 43. Nc3 Bc5 44. Nd5+ Ke6 45. Ne3+ Kf6 46. Nd5+
Ke6 47. Nc7+ Kf6 48. Ne6 Bd6 49. fxe5+ Bxe5 50. Nf8 Bd4 51. Nh7+ Kg7 52. Ng5
Kf6 53. Nh7+ Kg7 54. Ng5 Kf6 55. Ne6 Be5 56. Nc5 Bd6 57. Ne6 Be5 1/2-1/2

[Event "Monarch Assurance Isle of Man 12th"]
[Site "Port Erin IOM"]
[Date "2003.10.03"]
[Round "7.18"]
[White "Arkell, Keith"]
[Black "Valaker, Ole J"]
[Result "1-0"]
[WhiteElo "2513"]
[BlackElo "2207"]
[PlyCount "87"]
[EventDate "2003.09.27"]
[EventType "swiss"]
[EventRounds "9"]
[EventCountry "IOM"]
[SourceTitle "BritBase"]
[SourceDate "2008.07.14"]
[SourceVersion "1"]
[SourceVersionDate "2008.07.14"]
[SourceQuality "2"]

1. c4 Nc6 2. g3 e5 3. Bg2 f5 4. e3 Nf6 5. Nc3 g6 6. Nge2 Bg7 7. d4 e4 8. Rb1 d5
9. cxd5 Nxd5 10. Nxd5 Qxd5 11. Nc3 Qc4 12. Bf1 Qf7 13. Qa4 Bd7 14. Bc4 Qe7 15.
Nd5 Qd6 16. Qa3 Qxa3 17. bxa3 O-O-O 18. Bd2 Be6 19. Ne7+ Kd7 20. Nxc6 bxc6 21.
Bxe6+ Kxe6 22. Rc1 Rb8 23. Ke2 Kd7 24. Rc2 Bf8 25. a4 Ba3 26. h3 h5 27. Bc3 Rh7
28. Rg1 Bd6 29. Ba5 Rb7 30. Rgc1 h4 31. gxh4 Rxh4 32. Rg1 Rh6 33. Bc3 Rb8 34.
Bd2 a6 35. Ba5 Rh5 36. Rxg6 f4 37. Rg7+ Ke6 38. Bxc7 f3+ 39. Kd2 Bb4+ 40. Kd1
Rb7 41. Rxc6+ Kd5 42. Rxa6 Rxh3 43. Kc2 Bf8 44. Rd7+ 1-0

[Event "Monarch Assurance Isle of Man 12th"]
[Site "Port Erin IOM"]
[Date "2003.10.03"]
[Round "7.19"]
[White "Allen, Keith"]
[Black "Davies, Nigel"]
[Result "0-1"]
[WhiteElo "2224"]
[BlackElo "2482"]
[PlyCount "94"]
[EventDate "2003.09.27"]
[EventType "swiss"]
[EventRounds "9"]
[EventCountry "IOM"]
[SourceTitle "BritBase"]
[SourceDate "2008.07.14"]
[SourceVersion "1"]
[SourceVersionDate "2008.07.14"]
[SourceQuality "2"]

1. d4 Nf6 2. c4 e6 3. Nc3 Bb4 4. Qc2 c5 5. dxc5 Bxc5 6. Nf3 Qb6 7. e3 Qc7 8. a3
b6 9. b4 Be7 10. Bb2 Bb7 11. Bd3 d6 12. O-O Nbd7 13. Nb5 Qb8 14. e4 O-O 15. h3
a6 16. Nc3 Qc7 17. Rfe1 Rac8 18. Qe2 Rfe8 19. Rac1 Qb8 20. Qe3 Qa8 21. Qf4 Bf8
22. g4 Qb8 23. Qg3 g6 24. e5 dxe5 25. Nxe5 Nxe5 26. Qxe5 Qxe5 27. Rxe5 Red8 28.
Bf1 Bg7 29. Ree1 h5 30. Na4 Nd7 31. Bxg7 Kxg7 32. gxh5 gxh5 33. Bg2 Bxg2 34.
Kxg2 Kf6 35. Red1 Ke7 36. Rxd7+ Rxd7 37. Nxb6 Rg8+ 38. Kf1 Rd3 39. c5 Kd8 40.
a4 Kc7 41. b5 axb5 42. axb5 Rxh3 43. Ke2 Rb3 44. Ra1 Rxb5 45. Ra7+ Kc6 46. Rxf7
Rxc5 47. Nd7 Rd5 0-1

[Event "Monarch Assurance Isle of Man 12th"]
[Site "Port Erin IOM"]
[Date "2003.10.03"]
[Round "7.23"]
[White "Grant, Alan"]
[Black "Hunt, Harriet"]
[Result "1/2-1/2"]
[WhiteElo "2270"]
[BlackElo "2402"]
[PlyCount "129"]
[EventDate "2003.09.27"]
[EventType "swiss"]
[EventRounds "9"]
[EventCountry "IOM"]
[SourceTitle "BritBase"]
[SourceDate "2008.07.14"]
[SourceVersion "1"]
[SourceVersionDate "2008.07.14"]
[SourceQuality "2"]

1. c4 e5 2. g3 d6 3. Bg2 Nc6 4. Nc3 Be6 5. d3 Qd7 6. e4 g6 7. Nge2 Bg7 8. Nd5
Nd8 9. f4 c6 10. Ne3 f5 11. exf5 gxf5 12. d4 exd4 13. Nxd4 Ne7 14. O-O O-O 15.
Re1 Kh8 16. a4 Bg8 17. Ra3 d5 18. cxd5 cxd5 19. Rd3 Ndc6 20. Nec2 Rae8 21. Be3
Nc8 22. Bf2 Nd6 23. Rxe8 Rxe8 24. Bh3 Rf8 25. Nxc6 bxc6 26. b4 Nc4 27. Bd4 Nb2
28. Bxb2 Bxb2 29. Nd4 a5 30. Qd2 Bxd4+ 31. Rxd4 axb4 32. Qxb4 Ra8 33. Kf1 Be6
34. Qb2 Qg7 35. Qb4 Bc8 36. Rd1 Ba6+ 37. Kg2 Qf6 38. Re1 Bd3 39. Qb7 Rg8 40.
Kh1 Be4+ 41. Bg2 Qc3 42. Rg1 Re8 43. Qf7 Ra8 44. a5 Qg7 45. Qxg7+ Kxg7 46. Ra1
c5 47. Kg1 d4 48. Bf1 d3 49. Kf2 c4 50. Ke3 Rc8 51. a6 Ba8 52. a7 Kf6 53. Kd2
Ke6 54. Kc3 Bf3 55. Ra2 Ra8 56. Bg2 Bxg2 57. Rxg2 Kd5 58. Ra2 h5 59. Ra5+ Ke4
60. Re5+ Kf3 61. Re7 Kf2 62. Rd7 Ke1 63. Re7+ Kf2 64. Rd7 Ke1 65. Re7+ 1/2-1/2

[Event "Monarch Assurance Isle of Man 12th"]
[Site "Port Erin IOM"]
[Date "2003.10.03"]
[Round "7.24"]
[White "Cioara, Andrei N"]
[Black "Porat, David"]
[Result "1-0"]
[WhiteElo "2394"]
[BlackElo "2235"]
[PlyCount "113"]
[EventDate "2003.09.27"]
[EventType "swiss"]
[EventRounds "9"]
[EventCountry "IOM"]
[SourceTitle "BritBase"]
[SourceDate "2008.07.14"]
[SourceVersion "1"]
[SourceVersionDate "2008.07.14"]
[SourceQuality "2"]

1. d4 d5 2. Nf3 Nf6 3. g3 e6 4. Bg2 Be7 5. O-O O-O 6. c4 b6 7. Nc3 Bb7 8. Ne5
Na6 9. b3 c5 10. e3 Rb8 11. Nb5 dxc4 12. bxc4 Bxg2 13. Kxg2 Qc8 14. Qf3 Qb7 15.
Nc6 Ra8 16. d5 Nb4 17. Nxb4 cxb4 18. e4 e5 19. Bg5 Nxd5 20. cxd5 Bxg5 21. Qf5
Be7 22. d6 a6 23. Nc7 Bxd6 24. Nxa8 Rxa8 25. Rfd1 g6 26. Qg4 Qe7 27. Rd5 Bc5
28. Rad1 a5 29. Qe2 a4 30. Rd7 Qe6 31. Rd8+ Rxd8 32. Rxd8+ Kg7 33. Rd5 Qf6 34.
Rd2 Qc6 35. Qc4 Qe6 36. Qb5 a3 37. Rd5 Qf6 38. Qe2 h5 39. h4 Bd4 40. Qc2 Qe6
41. Qc4 Bc3 42. Qb5 Qg4 43. Qd3 Bb2 44. Rb5 Qe6 45. Qd5 Qf6 46. Rxb4 Bd4 47. f3
g5 48. hxg5 Qe7 49. Ra4 Be3 50. f4 exf4 51. Kf3 Bc5 52. gxf4 Bd6 53. Ra8 Bc5
54. Qd8 Qxd8 55. Rxd8 Kg6 56. Rc8 f5 57. Rc6+ 1-0

[Event "Monarch Assurance Isle of Man 12th"]
[Site "Port Erin IOM"]
[Date "2003.10.03"]
[Round "7.25"]
[White "Hughes, Howard"]
[Black "Mannion, Stephen"]
[Result "0-1"]
[WhiteElo "2215"]
[BlackElo "2339"]
[PlyCount "60"]
[EventDate "2003.09.27"]
[EventType "swiss"]
[EventRounds "9"]
[EventCountry "IOM"]
[SourceTitle "BritBase"]
[SourceDate "2008.07.14"]
[SourceVersion "1"]
[SourceVersionDate "2008.07.14"]
[SourceQuality "2"]

1. e4 e5 2. f4 exf4 3. Nf3 g5 4. Bc4 Bg7 5. d4 d6 6. h4 h6 7. O-O Nc6 8. c3 Qe7
9. a4 Bd7 10. b4 a5 11. b5 Nd8 12. e5 g4 13. exd6 cxd6 14. Re1 Ne6 15. d5 gxf3
16. dxe6 fxe6 17. Ba3 Qxh4 18. Ra2 Be5 19. gxf3 Ne7 20. Rh2 Rg8+ 21. Kh1 Qf6
22. Rg1 Rxg1+ 23. Qxg1 Kf7 24. Nd2 Nf5 25. Ne4 Ng3+ 26. Qxg3 fxg3 27. Nxf6 gxh2
28. Nxd7 Bf4 29. Bf1 Rg8 30. Bg2 h5 0-1

[Event "Monarch Assurance Isle of Man 12th"]
[Site "Port Erin IOM"]
[Date "2003.10.03"]
[Round "7.26"]
[White "Timmermans, Ivo"]
[Black "Molander, Riku"]
[Result "1/2-1/2"]
[WhiteElo "2213"]
[BlackElo "2324"]
[PlyCount "96"]
[EventDate "2003.09.27"]
[EventType "swiss"]
[EventRounds "9"]
[EventCountry "IOM"]
[SourceTitle "BritBase"]
[SourceDate "2008.07.14"]
[SourceVersion "1"]
[SourceVersionDate "2008.07.14"]
[SourceQuality "2"]

1. e4 c5 2. Nf3 d6 3. d4 cxd4 4. Nxd4 Nf6 5. Nc3 Nc6 6. Be3 Ng4 7. Bb5 Nxe3 8.
fxe3 Bd7 9. Bxc6 bxc6 10. O-O e6 11. Qf3 Qe7 12. e5 d5 13. e4 g6 14. Rae1 Bg7
15. exd5 cxd5 16. Nd1 O-O 17. Qe3 f6 18. Nf3 Bb5 19. Rf2 fxe5 20. Nxe5 Qc7 21.
Nc3 Rxf2 22. Nxb5 Qxe5 23. Qxe5 Bxe5 24. Kxf2 Rf8+ 25. Kg1 Bxb2 26. Rxe6 Rc8
27. Rd6 Rxc2 28. Rxd5 a6 29. Rd8+ Kf7 30. Nd4 Bxd4+ 31. Rxd4 Rxa2 32. Rd7+ Ke6
33. Rxh7 a5 34. Rg7 Kf6 35. Ra7 a4 36. Ra5 Ke6 37. h4 a3 38. h5 gxh5 39. Rxh5
Rc2 40. Ra5 a2 41. Kh2 Kd6 42. Kh3 Kc6 43. g4 Kb6 44. Ra8 Kb5 45. Kh4 Kb4 46.
g5 Kb3 47. Kh5 Rc4 48. Rxa2 Kxa2 1/2-1/2

[Event "Monarch Assurance Isle of Man 12th"]
[Site "Port Erin IOM"]
[Date "2003.10.03"]
[Round "7.27"]
[White "McPhillips, Karl"]
[Black "Kiseleva, Natalia"]
[Result "0-1"]
[WhiteElo "1918"]
[BlackElo "2322"]
[PlyCount "55"]
[EventDate "2003.09.27"]
[EventType "swiss"]
[EventRounds "9"]
[EventCountry "IOM"]
[SourceTitle "BritBase"]
[SourceDate "2008.07.14"]
[SourceVersion "1"]
[SourceVersionDate "2008.07.14"]
[SourceQuality "2"]

1. d4 Nf6 2. c4 g6 3. Nc3 Bg7 4. e4 d6 5. f4 O-O 6. Nf3 Na6 7. Bd3 Bg4 8. O-O
e5 9. fxe5 dxe5 10. d5 Ne8 11. h3 Bd7 12. Bg5 f6 13. Bh4 Qe7 14. Qd2 c5 15. a3
Rc8 16. Kh1 Nd6 17. Rae1 Qe8 18. Bg3 g5 19. Bh2 Qh5 20. Be2 g4 21. hxg4 Bxg4
22. Ng1 Bxe2 23. Ngxe2 Nxc4 24. Qd3 Nd6 25. Ng3 Qh4 26. Re3 Bh6 27. Nf5 Nxf5
28. Rh3 {both scoresheets illegible...57 moves} 0-1

[Event "Monarch Assurance Isle of Man 12th"]
[Site "Port Erin IOM"]
[Date "2003.10.03"]
[Round "7.28"]
[White "Spence, David J"]
[Black "Gordon, Stephen J"]
[Result "0-1"]
[WhiteElo "2187"]
[BlackElo "2216"]
[PlyCount "100"]
[EventDate "2003.09.27"]
[EventType "swiss"]
[EventRounds "9"]
[EventCountry "IOM"]
[SourceTitle "BritBase"]
[SourceDate "2008.07.14"]
[SourceVersion "1"]
[SourceVersionDate "2008.07.14"]
[SourceQuality "2"]

1. e4 c5 2. c3 d5 3. exd5 Qxd5 4. d4 Nf6 5. Nf3 g6 6. Qb3 Qxb3 7. axb3 cxd4 8.
Nxd4 Bd7 9. Na3 Nc6 10. Nxc6 bxc6 11. Nc4 Nd5 12. Ne5 Bg7 13. Nxd7 Kxd7 14. Ra6
Rhb8 15. b4 Rb7 16. Bc4 e6 17. Kd1 Rc8 18. Ra5 Rcc7 19. Kc2 Bf8 20. Rd1 Bd6 21.
Bg5 f6 22. Bc1 Ke7 23. h4 Kf7 24. b5 cxb5 25. Bxd5 exd5 26. Rxd5 Bc5 27. Bf4 {
(=)} Rc6 28. Be3 Bxe3 29. fxe3 a6 30. e4 Ke6 31. Rd4 Ke5 32. Kd3 Kf4 33. Ra1
Kg3 34. Ke3 Re7 35. Rh1 f5 36. Rh3+ Kxg2 37. Rf3 Rxe4+ 38. Rxe4 fxe4 39. Rf7 h5
40. Rf4 Kg3 41. Rxe4 Rd6 42. b3 g5 43. hxg5 h4 44. Re7 h3 45. Rh7 h2 46. Ke4
Kg2 47. Kf5 h1=Q 48. Rxh1 Kxh1 49. g6 a5 50. g7 Rd8 0-1

[Event "Monarch Assurance Isle of Man 12th"]
[Site "Port Erin IOM"]
[Date "2003.10.03"]
[Round "7.29"]
[White "Shaw, David A"]
[Black "Bae, Torstein"]
[Result "0-1"]
[WhiteElo "2183"]
[BlackElo "2366"]
[PlyCount "82"]
[EventDate "2003.09.27"]
[EventType "swiss"]
[EventRounds "9"]
[EventCountry "IOM"]
[SourceTitle "BritBase"]
[SourceDate "2008.07.14"]
[SourceVersion "1"]
[SourceVersionDate "2008.07.14"]
[SourceQuality "2"]

1. e4 c6 2. d4 d5 3. exd5 cxd5 4. Bd3 Nc6 5. c3 Nf6 6. Nf3 Bg4 7. O-O Qc7 8.
Re1 e6 9. Nbd2 Bd6 10. Nf1 O-O-O 11. a4 Rhe8 12. Bg5 h6 13. Bh4 g5 14. Bg3 Bxg3
15. hxg3 h5 16. a5 h4 17. b4 hxg3 18. Nxg3 Qf4 19. a6 b6 20. Qa4 Nb8 21. Ne5
Nfd7 22. Bb5 Nxe5 23. Bxe8 Nc4 24. Bb5 Nd6 25. Rac1 Rh8 26. c4 dxc4 27. Bxc4
Kd8 28. Bd3 Qxd4 29. Be2 Bxe2 30. Rxe2 Qf4 31. Rd1 Ke7 32. Red2 Rd8 33. Rd4 Qe5
34. Qa2 Nc6 35. R4d2 Nxb4 36. Qa3 Qc5 37. Rb2 Nc4 38. Qxb4 Rxd1+ 39. Kh2 Nxb2
40. Qxb2 Qd4 41. Qa3+ Ke8 0-1

[Event "Monarch Assurance Isle of Man 12th"]
[Site "Port Erin IOM"]
[Date "2003.10.03"]
[Round "7.30"]
[White "May, F WLS."]
[Black "Devereaux, Max"]
[Result "0-1"]
[WhiteElo "2153"]
[BlackElo "2329"]
[PlyCount "158"]
[EventDate "2003.09.27"]
[EventType "swiss"]
[EventRounds "9"]
[EventCountry "IOM"]
[SourceTitle "BritBase"]
[SourceDate "2008.07.14"]
[SourceVersion "1"]
[SourceVersionDate "2008.07.14"]
[SourceQuality "2"]

1. Nf3 Nf6 2. g3 d5 3. Bg2 c6 4. d3 Bg4 5. Nbd2 Nbd7 6. h3 Bxf3 7. Nxf3 e5 8.
O-O Bc5 9. c4 dxc4 10. dxc4 Qe7 11. e3 a5 12. Nd2 O-O 13. b3 a4 14. Bb2 a3 15.
Bc3 Rfd8 16. Qc2 Bb4 17. Rfd1 g6 18. Rac1 Ne8 19. g4 Nf8 20. Nf3 f6 21. g5 Nd7
22. gxf6 Nexf6 23. Ng5 Nf8 24. Bxb4 Qxb4 25. c5 Kg7 26. Nf3 e4 27. Nd4 Re8 28.
Qe2 N8d7 29. Rc4 Qa5 30. b4 Qc7 31. Nb3 Re5 32. Rcd4 Rae8 33. Rd6 Rd5 34. Rd4
Rxd6 35. cxd6 Qb6 36. Qc4 Ne5 37. Qc5 Qa6 38. b5 Qxb5 39. Qxb5 cxb5 40. Rb4 Nf7
41. Rxb5 Nxd6 42. Rb6 Rd8 43. Nd4 Nd5 44. Rb3 Ra8 45. Nb5 Nxb5 46. Rxb5 Nc3 47.
Rxb7+ Kf6 48. Rc7 Nxa2 49. Bxe4 Ra5 50. Bb1 Nb4 51. Rxh7 a2 52. Bxa2 Nxa2 53.
Kg2 Nc3 54. Rc7 Rg5+ 55. Kh2 Ne4 56. Rc2 Rh5 57. f4 Rb5 58. Kg2 Rb3 59. Kf3 Nc3
60. Rd2 Nb5 61. Rd8 Ke7 62. Rg8 Nd4+ 63. Ke4 Kf7 64. Rd8 Nf5 65. Rd3 Ng3+ 66.
Kd4 Rb4+ 67. Ke5 Re4+ 68. Kd5 Kf6 69. Ra3 Re6 70. Rb3 Kf5 71. Ra3 Nh5 72. Rb3
Nf6+ 73. Kd4 Rd6+ 74. Kc5 Ne4+ 75. Kc4 Nd2+ 76. Kc5 Re6 77. Rd3 Nf1 78. Rd5+
Ke4 79. h4 Nxe3 0-1

[Event "Monarch Assurance Isle of Man 12th"]
[Site "Port Erin IOM"]
[Date "2003.10.03"]
[Round "7.31"]
[White "Thompson, Ian D"]
[Black "Porat, Ido"]
[Result "0-1"]
[WhiteElo "2290"]
[BlackElo "2147"]
[PlyCount "74"]
[EventDate "2003.09.27"]
[EventType "swiss"]
[EventRounds "9"]
[EventCountry "IOM"]
[SourceTitle "BritBase"]
[SourceDate "2008.07.14"]
[SourceVersion "1"]
[SourceVersionDate "2008.07.14"]
[SourceQuality "2"]

1. c4 e6 2. g3 d5 3. Bg2 dxc4 4. Qc2 Nd7 5. Qxc4 a6 6. Nf3 b5 7. Qc2 Bb7 8. a4
c5 9. axb5 axb5 10. Rxa8 Bxa8 11. O-O Ngf6 12. Na3 Qb6 13. Qb3 Bc6 14. Ne1 Nd5
15. d3 Be7 16. e4 N5f6 17. Nec2 O-O 18. Ne3 Ra8 19. Qc2 Rd8 20. Rd1 Nb8 21. Qb3
Qa6 22. Qc2 Bb7 23. Qe2 Nc6 24. Nec2 Na5 25. Bg5 h6 26. Bf4 b4 27. Nb1 Nc6 28.
Be3 Ne5 29. Bf1 Qa2 30. f4 Nxd3 31. Rxd3 Rxd3 32. Qxd3 Qxb1 33. Nxb4 Qxb2 34.
Na6 Bxe4 35. Qb5 Qa3 36. Bxc5 Bxc5+ 37. Qxc5 Qf3 0-1

[Event "Monarch Assurance Isle of Man 12th"]
[Site "Port Erin IOM"]
[Date "2003.10.03"]
[Round "7.32"]
[White "Horton, E Justin"]
[Black "Bjarnason, Oskar"]
[Result "1/2-1/2"]
[WhiteElo "2120"]
[BlackElo "2261"]
[PlyCount "43"]
[EventDate "2003.09.27"]
[EventType "swiss"]
[EventRounds "9"]
[EventCountry "IOM"]
[SourceTitle "BritBase"]
[SourceDate "2008.07.14"]
[SourceVersion "1"]
[SourceVersionDate "2008.07.14"]
[SourceQuality "2"]

1. d4 d5 2. Nf3 Nf6 3. c4 c6 4. Nc3 dxc4 5. a4 Na6 6. e3 Bg4 7. Bxc4 e6 8. O-O
Nb4 9. h3 Bh5 10. a5 Be7 11. Qe2 O-O 12. Rd1 b5 13. Bb3 Qc7 14. e4 a6 15. e5
Bxf3 16. Qxf3 Nd7 17. Qg4 Kh8 18. Bf4 Qb7 19. Na2 Nd5 20. Nc3 Nb4 21. Na2 Nd5
22. Nc3 1/2-1/2

[Event "Monarch Assurance Isle of Man 12th"]
[Site "Port Erin IOM"]
[Date "2003.10.03"]
[Round "7.33"]
[White "Radovanovic, Jovica"]
[Black "Goodger, Martyn"]
[Result "1/2-1/2"]
[WhiteElo "2239"]
[BlackElo "2114"]
[PlyCount "38"]
[EventDate "2003.09.27"]
[EventType "swiss"]
[EventRounds "9"]
[EventCountry "IOM"]
[SourceTitle "BritBase"]
[SourceDate "2008.07.14"]
[SourceVersion "1"]
[SourceVersionDate "2008.07.14"]
[SourceQuality "2"]

1. e4 e5 2. Nf3 Nf6 3. Nxe5 d6 4. Nf3 Nxe4 5. d4 d5 6. Bd3 Nc6 7. O-O Bg4 8.
Re1 Be7 9. c4 Nf6 10. cxd5 Bxf3 11. Qxf3 Qxd5 12. Qh3 Qxd4 13. Nc3 Rd8 14. Bc2
O-O 15. Bg5 h5 16. Bxf6 Qxf6 17. Qxh5 g6 18. Qg4 Kg7 19. Rad1 Rxd1 1/2-1/2